000
00244nam a2200097Ia 4500
008
230508s1998 xx 000 0 und d
041
_a
eng
100
_a
MALUINO A.P. & LEACH D.P.
245
_a
DIGITAL PRINCIPLES AND APPLICATION
260
_c
1998
999
_c
332324
_d
332324